<?xml version="1.0" encoding="UTF-8"?>
<collection xmlns="http://www.loc.gov/MARC21/slim">
 <record>
  <leader>02996nam a22003257a 4500</leader>
  <controlfield tag="001">NCT_380</controlfield>
  <controlfield tag="008">170927b        xxu||||| |||| 00| 0 vie d</controlfield>
  <datafield tag="999" ind1=" " ind2=" ">
   <subfield code="c">19</subfield>
   <subfield code="d">19</subfield>
  </datafield>
  <datafield tag="020" ind1=" " ind2=" ">
   <subfield code="a">9786040084439</subfield>
   <subfield code="c">105000</subfield>
  </datafield>
  <datafield tag="082" ind1="0" ind2="4">
   <subfield code="2">23rd ed.</subfield>
   <subfield code="a">541.240711</subfield>
   <subfield code="b">Th552/T.2</subfield>
  </datafield>
  <datafield tag="100" ind1="1" ind2=" ">
   <subfield code="a">Đào Đình Thức</subfield>
  </datafield>
  <datafield tag="245" ind1="1" ind2="0">
   <subfield code="a">Cấu tạo nguyên tử và liên kết hoá học</subfield>
   <subfield code="n">Tập 2</subfield>
   <subfield code="c">Đào Đình Thức</subfield>
  </datafield>
  <datafield tag="260" ind1=" " ind2=" ">
   <subfield code="a">Hà Nội</subfield>
   <subfield code="b">Giáo dục Việt Nam</subfield>
   <subfield code="c">2016</subfield>
  </datafield>
  <datafield tag="300" ind1=" " ind2=" ">
   <subfield code="a">431 tr.</subfield>
   <subfield code="b">hình vẽ, bảng</subfield>
   <subfield code="c">27 cm</subfield>
  </datafield>
  <datafield tag="520" ind1="3" ind2=" ">
   <subfield code="a">Nội dung tài liệu trình bày những kiến thức cơ bản về cấu tạo phân tử và liên kết hoá học, cấu tạo hình học, tính chất của phân tử, khảo sát phân tử bằng cơ học lượng tử, thuyết liên kết hoá trị, thuyết Orbital phân tử...</subfield>
  </datafield>
  <datafield tag="655" ind1=" " ind2=" ">
   <subfield code="a">Giáo trình</subfield>
  </datafield>
  <datafield tag="942" ind1=" " ind2=" ">
   <subfield code="2">ddc</subfield>
   <subfield code="c">BK</subfield>
  </datafield>
  <datafield tag="952" ind1=" " ind2=" ">
   <subfield code="0">0</subfield>
   <subfield code="1">0</subfield>
   <subfield code="2">ddc</subfield>
   <subfield code="4">0</subfield>
   <subfield code="6">541_240711000000000_TH552_T_2</subfield>
   <subfield code="7">0</subfield>
   <subfield code="9">23</subfield>
   <subfield code="a">000001</subfield>
   <subfield code="b">000001</subfield>
   <subfield code="d">2017-09-28</subfield>
   <subfield code="l">1</subfield>
   <subfield code="o">541.240711 Th552/T.2</subfield>
   <subfield code="p">MD.00020</subfield>
   <subfield code="r">2017-10-02</subfield>
   <subfield code="s">2017-10-02</subfield>
   <subfield code="v">105000.00</subfield>
   <subfield code="w">2017-09-28</subfield>
   <subfield code="y">BK</subfield>
  </datafield>
  <datafield tag="952" ind1=" " ind2=" ">
   <subfield code="0">0</subfield>
   <subfield code="1">0</subfield>
   <subfield code="2">ddc</subfield>
   <subfield code="4">0</subfield>
   <subfield code="6">541_240711000000000_TH552_T_2</subfield>
   <subfield code="7">0</subfield>
   <subfield code="9">215</subfield>
   <subfield code="a">000001</subfield>
   <subfield code="b">000001</subfield>
   <subfield code="d">2017-10-02</subfield>
   <subfield code="o">541.240711 Th552/T.2</subfield>
   <subfield code="p">MD.00123</subfield>
   <subfield code="r">2017-10-02</subfield>
   <subfield code="v">105000.00</subfield>
   <subfield code="w">2017-10-02</subfield>
   <subfield code="y">BK</subfield>
  </datafield>
  <datafield tag="952" ind1=" " ind2=" ">
   <subfield code="0">0</subfield>
   <subfield code="1">0</subfield>
   <subfield code="2">ddc</subfield>
   <subfield code="4">0</subfield>
   <subfield code="6">541_240711000000000_TH552_T_2</subfield>
   <subfield code="7">0</subfield>
   <subfield code="9">216</subfield>
   <subfield code="a">000001</subfield>
   <subfield code="b">000001</subfield>
   <subfield code="d">2017-10-02</subfield>
   <subfield code="o">541.240711 Th552/T.2</subfield>
   <subfield code="p">MD.00122</subfield>
   <subfield code="r">2017-10-02</subfield>
   <subfield code="v">105000.00</subfield>
   <subfield code="w">2017-10-02</subfield>
   <subfield code="y">BK</subfield>
  </datafield>
  <datafield tag="952" ind1=" " ind2=" ">
   <subfield code="0">0</subfield>
   <subfield code="1">0</subfield>
   <subfield code="2">ddc</subfield>
   <subfield code="4">0</subfield>
   <subfield code="6">541_240711000000000_TH552_T_2</subfield>
   <subfield code="7">0</subfield>
   <subfield code="9">847</subfield>
   <subfield code="a">000001</subfield>
   <subfield code="b">000001</subfield>
   <subfield code="d">2017-10-12</subfield>
   <subfield code="o">541.240711 Th552/T.2</subfield>
   <subfield code="p">MD.00881</subfield>
   <subfield code="r">2017-10-12</subfield>
   <subfield code="v">105000.00</subfield>
   <subfield code="w">2017-10-12</subfield>
   <subfield code="y">BK</subfield>
  </datafield>
  <datafield tag="952" ind1=" " ind2=" ">
   <subfield code="0">0</subfield>
   <subfield code="1">0</subfield>
   <subfield code="2">ddc</subfield>
   <subfield code="4">0</subfield>
   <subfield code="6">541_240711000000000_TH552_T_2</subfield>
   <subfield code="7">0</subfield>
   <subfield code="9">848</subfield>
   <subfield code="a">000001</subfield>
   <subfield code="b">000001</subfield>
   <subfield code="d">2017-10-12</subfield>
   <subfield code="o">541.240711 Th552/T.2</subfield>
   <subfield code="p">MD.00883</subfield>
   <subfield code="r">2017-10-12</subfield>
   <subfield code="v">105000.00</subfield>
   <subfield code="w">2017-10-12</subfield>
   <subfield code="y">BK</subfield>
  </datafield>
  <datafield tag="952" ind1=" " ind2=" ">
   <subfield code="0">0</subfield>
   <subfield code="1">0</subfield>
   <subfield code="2">ddc</subfield>
   <subfield code="4">0</subfield>
   <subfield code="6">541_240711000000000_TH552_T_2</subfield>
   <subfield code="7">0</subfield>
   <subfield code="9">849</subfield>
   <subfield code="a">000001</subfield>
   <subfield code="b">000001</subfield>
   <subfield code="d">2017-10-12</subfield>
   <subfield code="o">541.240711 Th552/T.2</subfield>
   <subfield code="p">MD.00884</subfield>
   <subfield code="r">2017-10-12</subfield>
   <subfield code="v">105000.00</subfield>
   <subfield code="w">2017-10-12</subfield>
   <subfield code="y">BK</subfield>
  </datafield>
  <datafield tag="952" ind1=" " ind2=" ">
   <subfield code="0">0</subfield>
   <subfield code="1">0</subfield>
   <subfield code="2">ddc</subfield>
   <subfield code="4">0</subfield>
   <subfield code="6">541_240711000000000_TH552_T_2</subfield>
   <subfield code="7">0</subfield>
   <subfield code="9">850</subfield>
   <subfield code="a">000001</subfield>
   <subfield code="b">000001</subfield>
   <subfield code="d">2017-10-12</subfield>
   <subfield code="o">541.240711 Th552/T.2</subfield>
   <subfield code="p">MD.00885</subfield>
   <subfield code="r">2017-10-12</subfield>
   <subfield code="v">105000.00</subfield>
   <subfield code="w">2017-10-12</subfield>
   <subfield code="y">BK</subfield>
  </datafield>
  <datafield tag="952" ind1=" " ind2=" ">
   <subfield code="0">0</subfield>
   <subfield code="1">0</subfield>
   <subfield code="2">ddc</subfield>
   <subfield code="4">0</subfield>
   <subfield code="6">541_240711000000000_TH552_T_2</subfield>
   <subfield code="7">0</subfield>
   <subfield code="9">851</subfield>
   <subfield code="a">000001</subfield>
   <subfield code="b">000001</subfield>
   <subfield code="d">2017-10-12</subfield>
   <subfield code="o">541.240711 Th552/T.2</subfield>
   <subfield code="p">MD.00886</subfield>
   <subfield code="r">2017-10-12</subfield>
   <subfield code="v">105000.00</subfield>
   <subfield code="w">2017-10-12</subfield>
   <subfield code="y">BK</subfield>
  </datafield>
  <datafield tag="952" ind1=" " ind2=" ">
   <subfield code="0">0</subfield>
   <subfield code="1">0</subfield>
   <subfield code="2">ddc</subfield>
   <subfield code="4">0</subfield>
   <subfield code="6">541_240711000000000_TH552_T_2</subfield>
   <subfield code="7">0</subfield>
   <subfield code="9">852</subfield>
   <subfield code="a">000001</subfield>
   <subfield code="b">000001</subfield>
   <subfield code="d">2017-10-12</subfield>
   <subfield code="o">541.240711 Th552/T.2</subfield>
   <subfield code="p">MD.00887</subfield>
   <subfield code="r">2017-10-12</subfield>
   <subfield code="v">105000.00</subfield>
   <subfield code="w">2017-10-12</subfield>
   <subfield code="y">BK</subfield>
  </datafield>
  <datafield tag="952" ind1=" " ind2=" ">
   <subfield code="0">0</subfield>
   <subfield code="1">0</subfield>
   <subfield code="2">ddc</subfield>
   <subfield code="4">0</subfield>
   <subfield code="6">541_240711000000000_TH552_T_2</subfield>
   <subfield code="7">0</subfield>
   <subfield code="9">853</subfield>
   <subfield code="a">000001</subfield>
   <subfield code="b">000001</subfield>
   <subfield code="d">2017-10-12</subfield>
   <subfield code="o">541.240711 Th552/T.2</subfield>
   <subfield code="p">MD.00888</subfield>
   <subfield code="r">2017-10-12</subfield>
   <subfield code="v">105000.00</subfield>
   <subfield code="w">2017-10-12</subfield>
   <subfield code="y">BK</subfield>
  </datafield>
  <datafield tag="952" ind1=" " ind2=" ">
   <subfield code="0">0</subfield>
   <subfield code="1">0</subfield>
   <subfield code="2">ddc</subfield>
   <subfield code="4">0</subfield>
   <subfield code="6">541_240711000000000_TH552_T_2</subfield>
   <subfield code="7">0</subfield>
   <subfield code="9">854</subfield>
   <subfield code="a">000001</subfield>
   <subfield code="b">000001</subfield>
   <subfield code="d">2017-10-12</subfield>
   <subfield code="o">541.240711 Th552/T.2</subfield>
   <subfield code="p">MD.00889</subfield>
   <subfield code="r">2017-10-12</subfield>
   <subfield code="v">105000.00</subfield>
   <subfield code="w">2017-10-12</subfield>
   <subfield code="y">BK</subfield>
  </datafield>
  <datafield tag="952" ind1=" " ind2=" ">
   <subfield code="0">0</subfield>
   <subfield code="1">0</subfield>
   <subfield code="2">ddc</subfield>
   <subfield code="4">0</subfield>
   <subfield code="6">541_240711000000000_TH552_T_2</subfield>
   <subfield code="7">0</subfield>
   <subfield code="9">855</subfield>
   <subfield code="a">000001</subfield>
   <subfield code="b">000001</subfield>
   <subfield code="d">2017-10-12</subfield>
   <subfield code="o">541.240711 Th552/T.2</subfield>
   <subfield code="p">MD.00890</subfield>
   <subfield code="r">2017-10-12</subfield>
   <subfield code="v">105000.00</subfield>
   <subfield code="w">2017-10-12</subfield>
   <subfield code="y">BK</subfield>
  </datafield>
  <datafield tag="980" ind1=" " ind2=" ">
   <subfield code="a">Thư viện Trường Đại học Nam Cần Thơ</subfield>
  </datafield>
 </record>
</collection>
